|
|
|
|
| LEADER |
03596nam a2200541 4500 |
| 001 |
978-3-030-20933-9 |
| 003 |
DE-He213 |
| 005 |
20191026082301.0 |
| 007 |
cr nn 008mamaa |
| 008 |
190802s2019 gw | s |||| 0|eng d |
| 020 |
|
|
|a 9783030209339
|9 978-3-030-20933-9
|
| 024 |
7 |
|
|a 10.1007/978-3-030-20933-9
|2 doi
|
| 040 |
|
|
|d GrThAP
|
| 050 |
|
4 |
|a QA276-280
|
| 072 |
|
7 |
|a PBT
|2 bicssc
|
| 072 |
|
7 |
|a MAT029000
|2 bisacsh
|
| 072 |
|
7 |
|a PBT
|2 thema
|
| 082 |
0 |
4 |
|a 519.5
|2 23
|
| 100 |
1 |
|
|a Berry, Kenneth J.
|e author.
|4 aut
|4 http://id.loc.gov/vocabulary/relators/aut
|
| 245 |
1 |
2 |
|a A Primer of Permutation Statistical Methods
|h [electronic resource] /
|c by Kenneth J. Berry, Janis E. Johnston, Paul W. Mielke, Jr.
|
| 250 |
|
|
|a 1st ed. 2019.
|
| 264 |
|
1 |
|a Cham :
|b Springer International Publishing :
|b Imprint: Springer,
|c 2019.
|
| 300 |
|
|
|a XXIII, 476 p. 8 illus., 1 illus. in color.
|b online resource.
|
| 336 |
|
|
|a text
|b txt
|2 rdacontent
|
| 337 |
|
|
|a computer
|b c
|2 rdamedia
|
| 338 |
|
|
|a online resource
|b cr
|2 rdacarrier
|
| 347 |
|
|
|a text file
|b PDF
|2 rda
|
| 520 |
|
|
|a The primary purpose of this textbook is to introduce the reader to a wide variety of elementary permutation statistical methods. Permutation methods are optimal for small data sets and non-random samples, and are free of distributional assumptions. The book follows the conventional structure of most introductory books on statistical methods, and features chapters on central tendency and variability, one-sample tests, two-sample tests, matched-pairs tests, one-way fully-randomized analysis of variance, one-way randomized-blocks analysis of variance, simple regression and correlation, and the analysis of contingency tables. In addition, it introduces and describes a comparatively new permutation-based, chance-corrected measure of effect size. Because permutation tests and measures are distribution-free, do not assume normality, and do not rely on squared deviations among sample values, they are currently being applied in a wide variety of disciplines. This book presents permutation alternatives to existing classical statistics, and is intended as a textbook for undergraduate statistics courses or graduate courses in the natural, social, and physical sciences, while assuming only an elementary grasp of statistics.
|
| 650 |
|
0 |
|a Statistics .
|
| 650 |
|
0 |
|a Biostatistics.
|
| 650 |
|
0 |
|a Combinatorics.
|
| 650 |
|
0 |
|a Mathematics.
|
| 650 |
|
0 |
|a History.
|
| 650 |
1 |
4 |
|a Statistical Theory and Methods.
|0 http://scigraph.springernature.com/things/product-market-codes/S11001
|
| 650 |
2 |
4 |
|a Statistics for Life Sciences, Medicine, Health Sciences.
|0 http://scigraph.springernature.com/things/product-market-codes/S17030
|
| 650 |
2 |
4 |
|a Biostatistics.
|0 http://scigraph.springernature.com/things/product-market-codes/L15020
|
| 650 |
2 |
4 |
|a Combinatorics.
|0 http://scigraph.springernature.com/things/product-market-codes/M29010
|
| 650 |
2 |
4 |
|a History of Mathematical Sciences.
|0 http://scigraph.springernature.com/things/product-market-codes/M23009
|
| 700 |
1 |
|
|a Johnston, Janis E.
|e author.
|4 aut
|4 http://id.loc.gov/vocabulary/relators/aut
|
| 700 |
1 |
|
|a Mielke, Jr., Paul W.
|e author.
|4 aut
|4 http://id.loc.gov/vocabulary/relators/aut
|
| 710 |
2 |
|
|a SpringerLink (Online service)
|
| 773 |
0 |
|
|t Springer eBooks
|
| 776 |
0 |
8 |
|i Printed edition:
|z 9783030209322
|
| 776 |
0 |
8 |
|i Printed edition:
|z 9783030209346
|
| 776 |
0 |
8 |
|i Printed edition:
|z 9783030209353
|
| 856 |
4 |
0 |
|u https://doi.org/10.1007/978-3-030-20933-9
|z Full Text via HEAL-Link
|
| 912 |
|
|
|a ZDB-2-SMA
|
| 950 |
|
|
|a Mathematics and Statistics (Springer-11649)
|